[Event "Moehnesee Cup-B"]
[Site "Moehnesee"]
[Date "2005.08.20"]
[Round "4"]
[White "Roehr, Hans Georg"]
[Black "Schroeer, Jan Erik"]
[Result "1-0"]
[WhiteElo "1455"]
[BlackElo "1035"]
[PlyCount "73"]
[EventDate "2005.08.18"]
[EventType "swiss"]
[EventRounds "7"]
[EventCountry "GER"]
[SourceTitle "CBM 108 Extra"]
[Source "ChessBase"]
[SourceDate "2005.11.04"]
[SourceVersion "1"]
[SourceVersionDate "2005.11.04"]
[SourceQuality "1"]

1. d4 d5 2. e3 Nf6 3. c4 e6 4. Nc3 Bb4 5. Bd2 Qd7 6. Nf3 Nc6 7. cxd5 Nxd5 8. Nxd5 exd5 9. Bxb4 Nxb4 10. Qb3 Qe7 11. a3 Na6 12. Bxa6 bxa6 13. Qxd5 0-0 14. 0-0 Be6 15. Qa5 Bc4 16. Rfc1 Be2 17. Rxc7 Qf6 18. Nd2 Qg6 19. Re1 Bb5 20. Nf3 Qd3 21. Ne5 Qb3 22. Qc3 Qa4 23. Rc1 h6 24. Ra1 Be2 25. f3 Qe8 26. Nd7 Rc8 27. Nxf8 Rxc7 28. Qxc7 Qxe3+ 29. Kh1 Bxf3 30. Qg3 Bxg2+ 31. Qxg2 Kxf8 32. Qa8+ Ke7 33. Qxa7+ Ke8 34. Qb8+ Ke7 35. Qe5+ Qxe5 36. dxe5 Ke6 37. Re1 1-0

[Event "Ruhrhalbinsel op 19th"]
[Site "Essen"]
[Date "2004.05.22"]
[Round "6"]
[White "Jakobi, Reik"]
[Black "Roehr, Hans Georg"]
[Result "0-1"]
[WhiteElo "1594"]
[BlackElo "1491"]
[PlyCount "86"]
[EventDate "2004.05.??"]
[EventType "swiss"]
[EventRounds "7"]
[EventCountry "GER"]
[SourceTitle "CBM 100 Extra"]
[Source "ChessBase"]
[SourceDate "2004.07.06"]
[SourceVersion "2"]
[SourceVersionDate "2004.07.06"]
[SourceQuality "1"]

1. d4 Nf6 2. c4 g6 3. Nc3 Bg7 4. Nf3 d6 5. e4 0-0 6. Be2 e5 7. d5 Na6 8. Be3 Nc5 9. Bxc5 dxc5 10. Qd3 Ne8 11. 0-0 Nd6 12. Nd2 f5 13. f3 f4 14. Rf2 Bf6 15. Nf1 Bh4 16. g3 Qg5 17. Kh1 fxg3 18. hxg3 Bxg3 19. Nxg3 Qxg3 20. Rg2 Qf4 21. Rag1 Bh3 22. Rh2 Bd7 23. Qd1 a6 24. Qf1 Rf7 25. Qg2 Rg7 26. Nd1 b5 27. b3 bxc4 28. bxc4 Rb8 29. Nf2 Qe3 30. Nd3 Nxc4 31. Qf2 Qxf2 32. Rxf2 Rf7 33. Nxc5 Rb2 34. Bxc4 Rxf2 35. d6 cxd6 36. Bxf7+ Kxf7 37. Nxd7 Rb2 38. Rd1 Ke7 39. Nf6 Kxf6 40. Rxd6+ Kg5 41. Rd1 Rxa2 42. Rf1 Kf4 43. Kg1 h5 0-1

[Event "Ruhrhalbinsel op 14th"]
[Site "Essen"]
[Date "1999.05.28"]
[Round "4"]
[White "Roehr, Hans Georg"]
[Black "Jarosz, Kamil"]
[Result "1/2-1/2"]
[WhiteElo "1460"]
[BlackElo "1194"]
[PlyCount "111"]
[EventDate "1999.05.07"]
[EventType "swiss"]
[EventRounds "4"]
[EventCountry "GER"]
[SourceTitle "EXT 2004"]
[Source "ChessBase"]
[SourceDate "2003.11.25"]
[SourceVersion "1"]
[SourceVersionDate "2003.11.25"]
[SourceQuality "1"]

1. e4 e5 2. Nf3 Nc6 3. Nc3 Nf6 4. Bc4 h6 5. d3 Be7 6. 0-0 0-0 7. a3 d6 8. Be3 Ng4 9. Nd5 Be6 10. Qd2 Nxe3 11. Qxe3 Bg4 12. Nxe7+ Qxe7 13. b4 Bxf3 14. Qxf3 Nd4 15. Qd1 c6 16. c3 Ne6 17. a4 Rad8 18. Bxe6 Qxe6 19. Re1 d5 20. b5 dxe4 21. Rxe4 c5 22. c4 f5 23. Re1 e4 24. Ra3 Rf7 25. Qe2 Re7 26. dxe4 fxe4 27. Re3 Rd4 28. f3 Qxc4 29. Qxc4+ Rxc4 30. Rxe4 Rcxe4 31. Rxe4 Rd7 32. Kf2 Rd2+ 33. Re2 Rd7 34. h4 Kf7 35. g4 Rd4 36. Re4 Kf6 37. Ke3 Rd5 38. Re8 Re5+ 39. Rxe5 Kxe5 40. f4+ Kd5 41. g5 h5 42. Kd3 c4+ 43. Ke3 c3 44. Kd3 c2 45. Kxc2 Ke4 46. f5 Kxf5 47. Kd3 Kg4 48. Ke4 Kxh4 49. Kf4 Kh3 50. Kf3 h4 51. g6 Kh2 52. Kf2 h3 53. a5 Kh1 54. Kf1 h2 55. Kf2 a6 56. b6 1/2-1/2